| 000 | 01003cab a2200229 4500 | ||
|---|---|---|---|
| 001 | WB3510-51 | ||
| 008 | 090401t1999 xxu||||| |||| 00| 0 eng d | ||
| 035 | _a(Sirsi) u91924 | ||
| 041 | _aeng | ||
| 245 | _aMaking need a key issue | ||
| 260 | _c1999 | ||
| 350 | _a0 | ||
| 490 |
_aPlanning (for the Natural and Built Environment) _v5 March 1999, 16(1) |
||
| 520 | _aThere has been debate on the meaning of PPG6 para 1.10, as to whether need is always a consideration for a planning authority or if the guidance only expresses a requirement to consider the issue of need in the process of preparing a development plan. Recent call-in rulings support the former, and this is reinforced by a ministerial statement that edge or out-of-centre proposals should demonstrate need. | ||
| 650 | _aNEED | ||
| 650 | _aOUT OF TOWN DEVELOPMENTS | ||
| 650 | _aPLANNING POLICY GUIDANCE NOTE SIX | ||
| 650 | _aRETAIL DEVELOPMENT | ||
| 690 | _aPLANNING LAW AND PRACTICE | ||
| 942 | _n0 | ||
| 948 | _c10/03/1999 | ||
| 999 |
_c58289 _d58289 |
||